000 00673nas a2200217 4500
001 BR9500856
003 BR-BrBNA
005 20231205094244.0
007 ta
008 230509b bl.|||p| |||| 00| 00por d
040 _aBR-BrBNA
_bpor
_cBiblioteca Nacional de Agricultura
041 _a(Pt)
072 _aL74
100 1 _aMedeiros Netto, G.R. de
245 1 _aBraquignatia em zebuinos
650 _aGado Nelore
650 _aMalformacao
773 0 _tArquivos da Escola de Medicina Veterinaria da Universidade Federal da Bahia (Brazil)
_xISSN 0100-2597
_g(1987-1988), v. 11(1) p. 3-11
_wBR9500856
909 _a202311
_bLúcia
_c55
_dLúcia Elande
942 _2AGRIS
_n0
_cANA
999 _c143124
_d143124